000 01136cab a2200229 4500
001 ABS68528
008 041214n2004 000 0 eng u
035 _a(Sirsi) u128291
100 _aSergeant, M.
245 _aTell it to the judge
260 _c2004
490 _aBuilding
_v269(8359) 26 November 2004, 52-53(2)
520 _aDescribes the proposed reform of the courts to improve dispute resolution. These involve a possible unification of the High Court and county courts which will go against recent trends that have multiplied the number of processes and forums used for dispute resolution over the last 10 years. This may make litigation more attractive as the processes may lead to the Technology and Construction Court developing county court style fast track procedures.
590 _aABS
650 _aCOURT PROCEDURES
650 _aCONSTRUCTION DISPUTES
650 _aHIGH COURT
650 _aCOUNTY COURT
650 _aMANAGEMENT-DISPUTE AVOIDANCE, MANAGEMENT AND RESOLUTION-DISPUTE MANAGEMENT AND RESOLUTION-ALTERNATIVE DISPUTE RESOLUTION-ADJUDICATION
690 _aDispute resolution
_96236
942 _n0
999 _c74667
_d74667